Obálka Náhled e-knihy:
PDF Epub
Pro půjčování e-knih musíte být přihlášeni.
Jak si půjčit online?

Kde je zakopaná sekera /

Sci-fi thriller kanadsko-amerického autora přivítá čtenáře v autoritářské Federaci. Jako všude jinde i zde je politika více než špinavá hra. Myslí-li si ale někdo, že je neporazitelný, vždy ho čeká drsný pád.

Uloženo v:
Hlavní autor: Nayler, Ray, 1976- (Autor)
Další autoři: Pohl, Milan, 1982- (Autor)
Médium: E-kniha
Jazyk:Czech
Vydáno: Brno : Host, 2026
Vydání:První vydání
Témata:
Tagy:
Žádné tagy
LEADER 02721nam a2200433 i 4500
001 302433
003 CZ PrSKC
005 20260512063242.0
007 ta
008 260415s2026 xr g 000 f cze
015 |a cnb003746065 
020 |a 9788027529322  |q (vázáno) 
040 |a ABG001  |b cze  |e rda 
041 1 |a cze  |h eng 
072 7 |a 821.111(73)-3  |x Americká próza  |2 Konspekt 
080 |a 821.111(73)-31  |2 MRF 
080 |a (0:82-311.9)  |2 MRF 
100 1 |a Nayler, Ray,  |d 1976-  |7 xx0317050  |4 aut 
240 1 0 |a Where the axe is buried.  |l Česky 
245 1 0 |a Kde je zakopaná sekera /  |c Ray Nayler ; přeložil Milan Pohl 
250 |a První vydání 
264 1 |a Brno :  |b Host,  |c 2026 
300 |a 357 stran ;  |c 21 cm 
336 |a text  |b txt  |2 rdacontent 
337 |a bez média  |b n  |2 rdamedia 
338 |a svazek  |b nc  |2 rdacarrier 
500 |a Přeloženo z angličtiny 
520 2 |a Sci-fi thriller kanadsko-amerického autora přivítá čtenáře v autoritářské Federaci. Jako všude jinde i zde je politika více než špinavá hra. Myslí-li si ale někdo, že je neporazitelný, vždy ho čeká drsný pád.  |b V autoritářské Federaci bují spiknutí s cílem odstranit a nahradit prezidenta: muže, který už několikrát nechal svou mysl přenést do nového těla, aby se udržel u moci. Lilija, geniální vědkyně, jejíž objev by mohl posloužit k jeho svržení, prchá před federačními úřady ve snaze vymanit se z téměř neprodyšné sítě vládního dozoru. Její osud je provázaný s osudem dalších lidí bojujících proti globálnímu statu quo: Lilijina přítele Palmera, který se v Londýně snaží vyřešit záhadu jejího zmizení, nebo Zoji, zkušené aktivistky, jejíž kniha inspirovala revoluční hnutí. Každý systém může selhat. Každá společnost se může zhroutit. Každý svět může skončit. Ale co zaujme jejich místo? Nakladatelská anotace. 
655 7 |a americké romány  |7 fd131796  |2 czenas 
655 7 |a vědecko-fantastické romány  |7 fd133847  |2 czenas 
655 9 |a American fiction  |2 eczenas 
655 9 |a science fiction novels  |2 eczenas 
700 1 |a Pohl, Milan,  |d 1982-  |7 xx0064353  |4 trl 
710 2 |a Host (vydavatelství)  |7 ko2003163544  |4 pbl 
900 |a ABG001  |b 19 
044 |a xr 
910 |a RBIT002 
998 |d 427030  |a https://core.palmknihy.cz/api/books/427030/cover?tevdt0  |b https://core.palmknihy.cz/api/books/427030/cover/400?tevdt0  |c https://core.palmknihy.cz/api/books/427030/cover/50?tevdt0  |e 2031-03-27  |g 360  |i 9788027529322  |j https://core.palmknihy.cz/api/books/427030/preview.epub  |k https://core.palmknihy.cz/api/books/427030/preview.pdf  |l   |q 49  |r 1  |s https://www.palmknihy.cz/kniha/427030  |t ebook  |y 2026  |z 0 
999 |d 302431